000 00471nam a22001817a 4500
005 20260515152428.0
008 260515b |||||||| |||| 00| 0 eng d
020 _a9789332551916
_c900.00
040 _aMAIN
041 _aEnglish
082 _a621.367
_bJAI
100 _aJain, Anil K.
_95329
245 _aFundamentals Of Digital Image Processing
260 _aNoida
_bPearson
_c2015
300 _a569
650 _aComputer Science (PM (USHA)
_926808
942 _cBK
999 _c60805
_d60805